Les quatre concordats (Record no. 162525)

MARC details
000 -LEADER
campo de control de longitud fija 00656nam a22001575i 4500
001 - NÚMERO DE CONTROL
campo de control 162525
003 - IDENTIFICADOR DE NÚMERO DE CONTROL
campo de control ES-MaACL
005 - FECHA Y HORA DE LA ÚLTIMA TRANSACCIÓN
campo de control 20230906212539.0
008 - DATOS DE LONGITUD FIJA--INFORMACIÓN GENERAL
campo de control de longitud fija 991213s1818 fr |||| | fre d
040 ## - FUENTE DE CATALOGACIÓN
Centro catalogador/agencia de origen CAM
Lengua de catalogación spa
Centro/agencia transcriptor CAM
100 1# - ENTRADA PRINCIPAL--NOMBRE DE PERSONA
Nombre de persona Pradt, Dominique Dufour
Títulos y otros términos asociados al nombre Baron de (
Fechas asociadas al nombre 1759-1837)
9 (RLIN) 131340
245 14 - MENCIÓN DEL TÍTULO
Título Les quatre concordats
Resto del título : suivis de considérations sur le gouvernement de l'église en général et sur l'église de France en particulier depuis 1515 /
Mención de responsabilidad, etc. par De Pradt.
260 ## - PUBLICACIÓN, DISTRIBUCIÓN, ETC.
Lugar de publicación, distribución, etc. Paris :
Nombre del editor, distribuidor, etc. F. Béchet libraire-éditeur ;
Lugar de publicación, distribución, etc. Bruxelles :
Nombre del editor, distribuidor, etc. Lecharlier libraire,
Fecha de publicación, distribución, etc. 1818.
300 ## - DESCRIPCIÓN FÍSICA
Extensión 3 v. ;
Dimensiones 20 cm.
852 ## - LOCALIZACIÓN
Ubicación ES-MaACL
Número de control de estantería G-10256-58
Nota libre -- Enc. hol.
Holdings
Estatus retirado Estado de pérdida Estado de daño No para préstamo Colección Biblioteca de origen Biblioteca actual Ubicación en estantería Fecha de adquisición Total de préstamos Signatura topográfica completa Código de barras Visto por última vez Precio de reemplazo Tipo de ítem Koha
        Libros del s. XIX Biblioteca del Ateneo de Madrid Biblioteca del Ateneo de Madrid Sala Pecera Planta 3 17/01/2008   G-10256-58 1170266 23/02/2023 23/02/2023 Libro impreso antiguo